Флагове на държави, които започват с A - Statistics

General Stats
  • This quiz has been taken 47 times
  • The average score is 10 of 11
Answer Stats
Picture Answer % Correct
Аржентина
98%
Албания
95%
Алжир
93%
Австралия
90%
Австрия
90%
Андора
90%
Ангола
85%
Азербайджан
83%
Афганистан
80%
Антигуа и Барбуда
80%
Армения
70%
No matching quizzes found
Score Distribution
Percent of People with Each Score
Percentile by Number Answered
Your Score History
You have not taken this quiz